000 01390pam a22003494a 4500
001 5633618
003 ARRUPE
005 20140910141211.0
008 050802s2006 enk b 001 0 eng
010 _a 2005022372
020 _a082648705X (hardcover : alk. paper)
020 _a0826487068 (pbk. : alk. paper)
035 _a(OCoLC)OCM61247159
035 _a(NNC)5633618
040 _aDLC
_cDLC
_dBAKER
_dBWKUK
042 _apcc
050 0 0 _aB2430.S34
_bC66 2006
082 0 0 _a194
_222
100 1 _aCox, Gary.
_911212
245 1 0 _aSartre :
_ba guide for the perplexed /
_cGary Cox.
260 _aLondon ;
_aNew York :
_bContinuum Logo,
_c2006.
300 _axiii, 178 p. ;
_c23 cm.
490 1 _aGuides for the perplexed
504 _aIncludes bibliographical references (p. 157-172) and index.
505 0 _aConsciousness -- Being-for-itself -- Being-for-others -- The body -- Freedom -- Existential freedrom -- Bad faith -- The phenomenon of bad faith -- The faith of bad faith - the primitive project -- Authenticity -- Sartre on authenticity -- Sartre and Nietzsche -- Sartre and Heidegger.
600 1 0 _aSartre, Jean-Paul,
_d1905-1980.
_95613
830 0 _aGuides for the perplexed.
_911161
856 4 1 _3Table of contents
_uhttp://www.loc.gov/catdir/toc/ecip0517/2005022372.html
942 _2lcc
_cMONOGRAPH
948 1 _a20060606
_bc
_crad1
_dMPS
999 _c120821
_d120821